[Event "Padova op-A 18th"]
[Site "Padova"]
[Date "2015.12.15"]
[Round "4.34"]
[White "Capito, Mario"]
[Black "Favero, Graziano"]
[Result "0-1"]
[WhiteElo "1879"]
[BlackElo "1836"]
[PlyCount "102"]
[EventDate "2015.12.13"]
[EventType "swiss"]
[EventRounds "9"]
[EventCountry "ITA"]
[SourceTitle "EXT 2024"]
[Source "ChessBase"]
[SourceDate "2023.10.10"]
[SourceVersion "1"]
[SourceVersionDate "2023.10.10"]
[SourceQuality "1"]

1. e4 d6 2. f4 g6 3. Bc4 Bg7 4. Nf3 e6 5. 0-0 Ne7 6. c3 b6 7. Bb5+ Bd7 8. a4 a6 9. Bc4 Bc6 10. Qe2 0-0 11. d4 d5 12. Bd3 dxe4 13. Bxe4 Bxe4 14. Qxe4 Nd7 15. Ne5 Nf6 16. Qf3 Qd5 17. Nd2 Qxf3 18. Ndxf3 h6 19. b3 Rfe8 20. Ra2 Bf8 21. Re2 Rad8 22. g4 Nd7 23. h4 c5 24. Nc4 Nc8 25. Rfe1 cxd4 26. Nxd4 Bc5 27. Be3 Nf6 28. Ne5 Ne7 29. b4 Bxd4 30. Bxd4 Nfd5 31. Rf1 Rc8 32. c4 Nxb4 33. Bxb6 Kg7 34. Rb1 Nec6 35. Nxc6 Nxc6 36. Rd2 e5 37. fxe5 Nxe5 38. Bd4 Rxc4 39. Kg2 Kf8 40. Re1 f6 41. a5 Nxg4 42. Rb1 Ra4 43. Bc5+ Kg8 44. Rb7 Ne5 45. Be7 Rg4+ 46. Kf1 Rxh4 47. Rd6 Rf4+ 48. Kg2 Rc8 49. Bxf6 Rc2+ 50. Kg1 Nf3+ 51. Kf1 Nh2+ 0-1

[Event "Padova op-A 18th"]
[Site "Padova"]
[Date "2015.12.14"]
[Round "2.32"]
[White "Favero, Graziano"]
[Black "Gallo, Enrico"]
[Result "0-1"]
[WhiteElo "1836"]
[BlackElo "2044"]
[PlyCount "54"]
[EventDate "2015.12.13"]
[EventType "swiss"]
[EventRounds "9"]
[EventCountry "ITA"]
[SourceTitle "EXT 2024"]
[Source "ChessBase"]
[SourceDate "2023.10.10"]
[SourceVersion "1"]
[SourceVersionDate "2023.10.10"]
[SourceQuality "1"]

1. e4 e6 2. d3 d5 3. Nd2 Nf6 4. Ngf3 dxe4 5. dxe4 Bc5 6. h3 0-0 7. Qe2 b6 8. e5 Ba6 9. c4 Nfd7 10. Qe4 c6 11. Bd3 f5 12. Qe2 Be7 13. Nb3 Qc7 14. Bf4 c5 15. 0-0-0 Nc6 16. Rhe1 Rab8 17. Qd2 Rfd8 18. g4 Nf8 19. gxf5 Bxc4 20. Qe3 Bxd3 21. Rxd3 c4 22. Rxd8 Rxd8 23. Nbd2 Nb4 24. Rg1 c3 25. Nb3 cxb2+ 26. Kxb2 Qc2+ 27. Ka1 Qxa2# 0-1

[Event "Padova op-A 17th"]
[Site "Padova"]
[Date "2014.12.16"]
[Round "3.35"]
[White "Di Lazzaro, Gabriele"]
[Black "Favero, Graziano"]
[Result "1-0"]
[WhiteElo "1941"]
[BlackElo "1834"]
[PlyCount "69"]
[EventDate "2014.12.14"]
[EventType "swiss"]
[EventRounds "9"]
[EventCountry "ITA"]
[SourceTitle "EXT 2024"]
[Source "ChessBase"]
[SourceDate "2023.10.10"]
[SourceVersion "1"]
[SourceVersionDate "2023.10.10"]
[SourceQuality "1"]

1. e4 d6 2. d4 Nf6 3. Nc3 g6 4. Be3 Bg7 5. Qd2 c6 6. Bh6 0-0 7. h4 Qa5 8. Bxg7 Kxg7 9. h5 gxh5 10. Be2 Rg8 11. Bf3 h6 12. Nge2 Qg5 13. Qxg5+ hxg5 14. e5 dxe5 15. dxe5 Ng4 16. Bxg4 Bxg4 17. f3 Bf5 18. Rxh5 f6 19. 0-0-0 Rh8 20. Rxh8 Kxh8 21. exf6 exf6 22. Rd8+ Kg7 23. Nd4 Bd7 24. Ne4 Kf7 25. Nc5 Ke7 26. Nxb7 c5 27. Nb3 c4 28. N3c5 Bc6 29. Rh8 Be8 30. Rh7+ Bf7 31. Rh8 Be8 32. Rh7+ Bf7 33. Nd8 Kxd8 34. Rxf7 Nc6 35. Rf8+ 1-0

[Event "Campodarsego op-B 17th"]
[Site "Campodarsego"]
[Date "2006.01.21"]
[Round "3"]
[White "Favero, Graziano"]
[Black "Castellano, Alfonso"]
[Result "1-0"]
[WhiteElo "1649"]
[BlackElo "1935"]
[PlyCount "97"]
[EventDate "2006.01.20"]
[EventType "swiss"]
[EventRounds "5"]
[EventCountry "ITA"]
[SourceTitle "EXT 2011"]
[Source "ChessBase"]
[SourceDate "2010.11.26"]
[SourceVersion "1"]
[SourceVersionDate "2010.11.26"]
[SourceQuality "1"]

1. e4 c5 2. Nf3 d6 3. d4 cxd4 4. Nxd4 Nf6 5. Nc3 a6 6. a4 Qc7 7. Be2 e5 8. Nb3 Be6 9. Be3 Be7 10. 0-0 0-0 11. Rc1 Nbd7 12. Qd2 Nb6 13. a5 Nc4 14. Bxc4 Bxc4 15. Bb6 Qc6 16. Rfe1 Nd7 17. Nd5 Bxd5 18. exd5 Qc4 19. Be3 f5 20. f3 Qh4 21. Qf2 Qh5 22. f4 Nf6 23. Qf3 Qxf3 24. gxf3 Nxd5 25. fxe5 dxe5 26. Bc5 Rfe8 27. Rcd1 Bh4 28. Bf2 Bxf2+ 29. Kxf2 Nf6 30. c3 Rac8 31. Nc1 Rc5 32. Rg1 Rxa5 33. Rd6 Kf7 34. Rb6 Re7 35. Rd1 e4 36. Nb3 Rd5 37. Rxf6+ Kxf6 38. Rxd5 e3+ 39. Ke2 f4 40. Nd4 g6 41. h4 h5 42. Nc2 Ke6 43. Rd4 Kf5 44. Ne1 g5 45. Ng2 Rf7 46. Rd5+ Ke6 47. Rxg5 Rd7 48. Nxf4+ Kf6 49. Nd3 1-0

[Event "Campodarsego op-B 17th"]
[Site "Campodarsego"]
[Date "2006.01.21"]
[Round "2"]
[White "Marson, Antonio"]
[Black "Favero, Graziano"]
[Result "1/2-1/2"]
[WhiteElo "1851"]
[BlackElo "1649"]
[PlyCount "33"]
[EventDate "2006.01.20"]
[EventType "swiss"]
[EventRounds "5"]
[EventCountry "ITA"]
[SourceTitle "EXT 2011"]
[Source "ChessBase"]
[SourceDate "2010.11.26"]
[SourceVersion "1"]
[SourceVersionDate "2010.11.26"]
[SourceQuality "1"]

1. d4 Nf6 2. Bf4 g6 3. e3 Bg7 4. h3 d6 5. Nf3 0-0 6. Be2 c5 7. c3 cxd4 8. cxd4 Nc6 9. 0-0 Bf5 10. Nc3 Qa5 11. a3 e5 12. Bh2 Rfe8 13. b4 Qc7 14. d5 Ne7 15. Rc1 Rec8 16. Qd2 Qd8 17. Rfe1 1/2-1/2

[Event "Padova Weekend op-B 8th"]
[Site "Padova"]
[Date "2005.12.11"]
[Round "2.22"]
[White "Zanirato, Stefano"]
[Black "Favero, Graziano"]
[Result "1-0"]
[WhiteElo "1947"]
[BlackElo "1643"]
[PlyCount "115"]
[EventDate "2005.12.10"]
[EventType "swiss"]
[EventRounds "6"]
[EventCountry "ITA"]
[SourceTitle "EXT 2024"]
[Source "ChessBase"]
[SourceDate "2023.10.10"]
[SourceVersion "1"]
[SourceVersionDate "2023.10.10"]
[SourceQuality "1"]

1. Nf3 d6 2. d3 Nf6 3. c3 g6 4. e4 Bg7 5. Be2 c5 6. 0-0 0-0 7. Bd2 Nc6 8. Qc1 Bg4 9. Bh6 Ne5 10. Bxg7 Kxg7 11. Nbd2 Rc8 12. h3 Bxf3 13. Nxf3 Nxf3+ 14. Bxf3 b5 15. Qe3 Nd7 16. a4 a6 17. d4 Qb6 18. e5 cxd4 19. cxd4 dxe5 20. dxe5 Qxe3 21. fxe3 Nxe5 22. Bb7 Rb8 23. Bxa6 bxa4 24. Rf2 Rb4 25. Rc2 Ra8 26. Be2 Rb6 27. Ra2 Rab8 28. Bf1 Rd6 29. Rc5 Nd3 30. Bxd3 Rxd3 31. Ra5 Rdb3 32. R5xa4 Rxb2 33. Rxb2 Rxb2 34. Kh2 Re2 35. Re4 e6 36. Kg3 Kf6 37. Kf3 Rd2 38. Rf4+ Ke7 39. Ra4 e5 40. g4 f5 41. gxf5 gxf5 42. Rh4 Kf6 43. Rxh7 e4+ 44. Kg3 Re2 45. Rh8 Rxe3+ 46. Kg2 Rf3 47. Rg8 Kf7 48. Rg5 Kf6 49. Rg8 Rd3 50. h4 Ke5 51. h5 Kf4 52. h6 Rd2+ 53. Kg1 e3 54. h7 e2 55. Kf2 Rd7 56. h8Q Re7 57. Qh4+ Ke5 58. Qxe7+ 1-0

[Event "Padova Weekend op-B 8th"]
[Site "Padova"]
[Date "2005.12.10"]
[Round "1.18"]
[White "Favero, Graziano"]
[Black "Moi, Roberto"]
[Result "0-1"]
[WhiteElo "1643"]
[BlackElo "1994"]
[PlyCount "90"]
[EventDate "2005.12.10"]
[EventType "swiss"]
[EventRounds "6"]
[EventCountry "ITA"]
[SourceTitle "EXT 2024"]
[Source "ChessBase"]
[SourceDate "2023.10.10"]
[SourceVersion "1"]
[SourceVersionDate "2023.10.10"]
[SourceQuality "1"]

1. e4 e5 2. Nf3 Nf6 3. Bc4 Nxe4 4. Qe2 d5 5. d3 dxc4 6. Qxe4 Be7 7. dxc4 0-0 8. 0-0 Re8 9. Nc3 c6 10. Rd1 Qc7 11. Qxe5 Qxe5 12. Nxe5 Bf5 13. Nd3 Nd7 14. Be3 Bf6 15. Ne2 Nb6 16. Ng3 Bg4 17. Re1 Nxc4 18. h3 Nxe3 19. fxe3 Be6 20. c3 Bh4 21. Kh2 Rad8 22. Nf4 Bc4 23. Red1 Bxg3+ 24. Kxg3 Rxe3+ 25. Kf2 Rde8 26. b3 R3e4 27. Rd4 Rxd4 28. cxd4 Ba6 29. Re1 Rd8 30. d5 g5 31. Nh5 cxd5 32. Rd1 Rd6 33. Rxd5 Rxd5 34. Nf6+ Kg7 35. Nxd5 b6 36. b4 Bb7 37. Nc7 Bc6 38. b5 Bd7 39. a4 Bf5 40. Na6 Bc2 41. Nc7 Bxa4 42. Ke3 Bb3 43. Kd4 f5 44. Nd5 Kf7 45. Ke5 Bc4 0-1

[Event "Alta Padovana op-B 5th"]
[Site "Loreggia"]
[Date "2005.02.26"]
[Round "3"]
[White "Favero, Graziano"]
[Black "Reginato, Sabrina"]
[Result "0-1"]
[WhiteElo "1751"]
[BlackElo "1637"]
[PlyCount "123"]
[EventDate "2005.02.25"]
[EventType "swiss"]
[EventRounds "5"]
[EventCountry "ITA"]
[SourceTitle "EXT 2024"]
[Source "ChessBase"]
[SourceDate "2023.10.10"]
[SourceVersion "1"]
[SourceVersionDate "2023.10.10"]
[SourceQuality "1"]

1. e4 c5 2. Nf3 d6 3. d4 cxd4 4. Nxd4 Nf6 5. Nc3 a6 6. Be2 e6 7. 0-0 Be7 8. Be3 0-0 9. f4 Qc7 10. Qe1 b5 11. a3 Bb7 12. Bd3 Nc6 13. Qg3 Kh8 14. Nf3 Rac8 15. e5 Nh5 16. Qh3 g6 17. Ne4 dxe5 18. fxe5 Nxe5 19. Bd4 f6 20. Bxe5 fxe5 21. Qxe6 Bc5+ 22. Kh1 Rce8 23. Qh3 Nf4 24. Qh6 Bd4 25. Nxd4 exd4 26. g3 Ne6 27. Kg1 Qg7 28. Qxg7+ Kxg7 29. Nd6 Rb8 30. Rxf8 Kxf8 31. Rf1+ Ke7 32. Nxb7 Rxb7 33. Kf2 Kd6 34. Ke2 Re7 35. Kd2 Kc7 36. a4 Kb6 37. axb5 axb5 38. Re1 Re8 39. Re5 Nc7 40. Rxe8 Nxe8 41. Ke2 Nf6 42. Kf3 g5 43. h4 h6 44. Ke2 Kc5 45. Bg6 Nd5 46. hxg5 hxg5 47. Kf3 Nf6 48. Bf7 Kd6 49. Ke2 Nd5 50. Kf3 Nf6 51. Bb3 Kc5 52. Be6 Kd6 53. Bf5 Kd5 54. Ke2 Ne4 55. Bxe4+ Kxe4 56. b4 g4 57. Kf2 Kd5 58. Ke2 Kc4 59. Kd2 Kxb4 60. Kd3 Kc5 61. c3 dxc3 62. Kxc3 0-1

[Event "Campodarsego op-B 16th"]
[Site "Campodarsego"]
[Date "2005.01.22"]
[Round "2"]
[White "Favero, Graziano"]
[Black "Palumbo, Giuseppe"]
[Result "0-1"]
[WhiteElo "1751"]
[BlackElo "1652"]
[PlyCount "133"]
[EventDate "2005.01.21"]
[EventType "swiss"]
[EventRounds "5"]
[EventCountry "ITA"]
[SourceTitle "EXT 2024"]
[Source "ChessBase"]
[SourceDate "2023.10.10"]
[SourceVersion "1"]
[SourceVersionDate "2023.10.10"]
[SourceQuality "1"]

1. e4 c5 2. Nf3 d6 3. d4 cxd4 4. Nxd4 a6 5. Nc3 Nf6 6. Be2 e6 7. Be3 Be7 8. 0-0 Bd7 9. f4 0-0 10. Qe1 Qc7 11. Qg3 Nc6 12. e5 Ne8 13. Nf3 f6 14. Bd3 dxe5 15. Qh3 f5 16. Nxe5 Nxe5 17. fxe5 Qxe5 18. Bf4 Qf6 19. Rae1 Bc5+ 20. Be3 Bxe3+ 21. Qxe3 Qg6 22. Bc4 Rf6 23. Rf3 Qh6 24. Qd4 Bc6 25. Rh3 Qg6 26. Rg3 Qf7 27. Rge3 Nc7 28. Qd6 Re8 29. Qf4 h6 30. h4 Kh7 31. h5 Re7 32. Qh4 g5 33. hxg6+ Rxg6 34. Rg3 Rxg3 35. Qxg3 Qg7 36. Qxg7+ Kxg7 37. Re3 Kf6 38. a4 Rg7 39. Bf1 Nd5 40. Nxd5+ Bxd5 41. c4 Bc6 42. b3 e5 43. Kf2 Be4 44. Rh3 Rg6 45. a5 Ke6 46. Rg3 Rxg3 47. Kxg3 Bc2 48. b4 Be4 49. Kf2 h5 50. Ke3 h4 51. Kf2 Kd6 52. g3 hxg3+ 53. Kxg3 Kc6 54. Kf2 b6 55. axb6 Kxb6 56. c5+ Kb7 57. Ke3 Bc6 58. Be2 Ka7 59. Bd3 f4+ 60. Kf2 e4 61. Bc2 a5 62. bxa5 Ka6 63. Bb3 Kxa5 64. Bc4 Kb4 65. Be2 Kxc5 66. Bg4 Kd4 67. Ke2 0-1

[Event "Padova op-B 7th"]
[Site "Padova"]
[Date "2004.12.11"]
[Round "1"]
[White "Palumbo, Giuseppe"]
[Black "Favero, Graziano"]
[Result "1/2-1/2"]
[WhiteElo "1652"]
[BlackElo "1817"]
[PlyCount "146"]
[EventDate "2004.12.11"]
[EventType "swiss"]
[EventRounds "6"]
[EventCountry "ITA"]
[SourceTitle "EXT 2023"]
[Source "ChessBase"]
[SourceDate "2022.10.05"]
[SourceVersion "1"]
[SourceVersionDate "2022.10.05"]
[SourceQuality "1"]

1. e4 d6 2. d4 Nf6 3. Bd3 g6 4. c4 Bg7 5. Nc3 0-0 6. Nge2 Nc6 7. a3 e5 8. d5 Ne7 9. f3 c6 10. Be3 b5 11. b3 a6 12. Qd2 cxd5 13. cxd5 Bb7 14. 0-0 Nd7 15. Rac1 f5 16. Rc2 f4 17. Bf2 g5 18. Rfc1 Nf6 19. Na2 g4 20. Rc7 Bc8 21. Bh4 Ng6 22. Bf2 gxf3 23. gxf3 Bh3 24. Qe1 Ne8 25. Rxg7+ Kxg7 26. Kh1 Qg5 27. Qg1 h6 28. Nb4 Bd7 29. Nc6 Qxg1+ 30. Kxg1 Kf7 31. Bb6 Nh4 32. Kf2 Rg8 33. Rg1 Rxg1 34. Nxg1 Bxc6 35. dxc6 Rc8 36. a4 bxa4 37. bxa4 Rxc6 38. Bd8 Nf6 39. a5 Ng6 40. Bb6 Nd7 41. Ba7 Ngf8 42. Ne2 Ne6 43. h3 Ke7 44. Kg2 Nd8 45. h4 Nb7 46. Kh3 Nxa5 47. Kg4 Nf6+ 48. Kf5 Kf7 49. Bb1 Nb7 50. Ba2+ Kg7 51. Bb3 Nc5 52. Bd1 Nd3 53. Ba4 Rc7 54. Bb8 Rc4 55. Bd1 Ne8 56. Ke6 Kf8 57. h5 Nc5+ 58. Kf5 a5 59. Ba7 Rb4 60. Nc3 Rb7 61. Bxc5 dxc5 62. Kxe5 Ng7 63. Kxf4 Nxh5+ 64. Kg4 Nf6+ 65. Kf5 Kg7 66. e5 Ne8 67. e6 Kf8 68. f4 Ke7 69. Nd5+ Kd6 70. Bf3 Ng7+ 71. Kf6 Nxe6 72. f5 Nd4 73. Bg2 a4 1/2-1/2

[Event "Padova op-A 5th"]
[Site "Padova"]
[Date "2002.12.22"]
[Round "5.12"]
[White "Roberti, Ignazio"]
[Black "Favero, Graziano"]
[Result "1-0"]
[WhiteElo "1838"]
[BlackElo "1600"]
[PlyCount "43"]
[EventDate "2002.12.14"]
[EventType "swiss"]
[EventRounds "6"]
[EventCountry "ITA"]
[SourceTitle "EXT 2023"]
[Source "ChessBase"]
[SourceDate "2022.10.05"]
[SourceVersion "1"]
[SourceVersionDate "2022.10.05"]
[SourceQuality "1"]

1. Nf3 g6 2. b3 Bg7 3. d4 c5 4. Bb2 Nc6 5. e3 Qb6 6. Be2 cxd4 7. exd4 d6 8. 0-0 Nh6 9. c3 0-0 10. Nbd2 d5 11. Re1 e5 12. Nxe5 Nxe5 13. dxe5 Bxe5 14. Bf3 Qc7 15. Nf1 Be6 16. Qd2 Bg7 17. Ne3 Qf4 18. Qe2 Rfd8 19. Rad1 Rac8 20. Bxd5 Bxd5 21. Nxd5 Nf5 22. Nxf4 1-0

[Event "Padova op-B 3rd"]
[Site "Padova"]
[Date "2000.12.09"]
[Round "4.8"]
[White "Opacic, Alexandar"]
[Black "Favero, Graziano"]
[Result "0-1"]
[WhiteElo "1837"]
[BlackElo "1621"]
[PlyCount "60"]
[EventDate "2000.12.02"]
[EventType "swiss"]
[EventRounds "6"]
[EventCountry "ITA"]
[SourceTitle "EXT 2024"]
[Source "ChessBase"]
[SourceDate "2023.10.10"]
[SourceVersion "1"]
[SourceVersionDate "2023.10.10"]
[SourceQuality "1"]

1. e4 d6 2. d4 Nf6 3. Nc3 g6 4. Bf4 Bg7 5. f3 c6 6. Bd3 0-0 7. Qd2 Nbd7 8. 0-0-0 b5 9. Be3 Qa5 10. Kb1 b4 11. Nce2 Rb8 12. g4 Nb6 13. h4 Na4 14. b3 Nc3+ 15. Nxc3 bxc3 16. Qc1 Be6 17. Bh6 Bxh6 18. Qxh6 Bxb3 19. cxb3 Qa3 20. Qc1 Rxb3+ 21. Ka1 Rb2 22. Bc4 c2 23. Rd3 Rb1+ 24. Qxb1 cxb1Q+ 25. Kxb1 Rb8+ 26. Bb3 c5 27. dxc5 dxc5 28. Rc3 c4 29. Ne2 cxb3 30. Ka1 Qxa2# 0-1

[Event "Graticolato op-B U1700 8th"]
[Site "Santa Maria di Sala"]
[Date "2000.11.19"]
[Round "3.11"]
[White "Borsato, Mirko"]
[Black "Favero, Graziano"]
[Result "0-1"]
[WhiteElo "1510"]
[BlackElo "1621"]
[PlyCount "76"]
[EventDate "2000.11.18"]
[EventType "swiss"]
[EventRounds "6"]
[EventCountry "ITA"]
[SourceTitle "EXT 2023"]
[Source "ChessBase"]
[SourceDate "2022.10.05"]
[SourceVersion "1"]
[SourceVersionDate "2022.10.05"]
[SourceQuality "1"]

1. c3 g6 2. Qc2 d5 3. d3 Nf6 4. Bg5 Bg7 5. e4 dxe4 6. dxe4 0-0 7. Nd2 Nc6 8. Bc4 Ne5 9. 0-0-0 c6 10. Ndf3 Qa5 11. Bb3 Bg4 12. h3 Bxf3 13. gxf3 Nd3+ 14. Qxd3 Qxg5+ 15. Kb1 Qg2 16. Ne2 Qxf2 17. Rdf1 Qb6 18. f4 Rad8 19. Qf3 Rd7 20. f5 Qb5 21. Nd4 Qe5 22. Re1 Rfd8 23. fxg6 hxg6 24. Qg2 e6 25. Nf3 Qf4 26. Nd4 Qe5 27. Nf3 Qc5 28. Nd4 Qe7 29. Rhg1 c5 30. Nf3 b5 31. Ne5 Rd2 32. Nc6 Qc7 33. Qg5 Qxc6 34. e5 Nd5 35. Qxd8+ Kh7 36. Bxd5 Rxd5 37. Qh4+ Kg8 38. Qg3 b4 0-1

[Event "Graticolato op-B U1700 8th"]
[Site "Santa Maria di Sala"]
[Date "2000.11.18"]
[Round "1.5"]
[White "Ballarin, Gabriele"]
[Black "Favero, Graziano"]
[Result "0-1"]
[WhiteElo "1600"]
[BlackElo "1624"]
[PlyCount "109"]
[EventDate "2000.11.18"]
[EventType "swiss"]
[EventRounds "6"]
[EventCountry "ITA"]
[SourceTitle "EXT 2023"]
[Source "ChessBase"]
[SourceDate "2022.10.05"]
[SourceVersion "1"]
[SourceVersionDate "2022.10.05"]
[SourceQuality "1"]

1. e4 d6 2. d4 Nf6 3. Nc3 g6 4. Be3 Bg7 5. f3 c6 6. Qd2 Nbd7 7. Bd3 b5 8. g4 Nb6 9. h4 h5 10. gxh5 Nxh5 11. Nh3 e5 12. Bg5 f6 13. Be3 exd4 14. Bxd4 b4 15. Nd1 Bxh3 16. Rxh3 Qd7 17. Nf2 c5 18. Be3 f5 19. Qe2 0-0-0 20. 0-0-0 Qa4 21. Kb1 f4 22. Bc1 Ng3 23. Ba6+ Kc7 24. Qb5 Be5 25. b3 Qxb5 26. Bxb5 a6 27. Bd3 Kc6 28. Bb2 a5 29. Nh1 Nxh1 30. Rdxh1 Rh5 31. Rg1 Rdh8 32. Rxg6 Bxb2 33. Kxb2 Rxh4 34. Rxh4 Rxh4 35. e5 a4 36. Rxd6+ Kc7 37. bxa4 c4 38. Be4 Nxa4+ 39. Kc1 Rh1+ 40. Kd2 c3+ 41. Ke2 Rh5 42. Rc6+ Kd7 43. Rd6+ Kc7 44. Rd5 Rh2+ 45. Kf1 Rd2 46. Bd3 Nb6 47. Rd4 Kc6 48. Rxf4 Rxd3 49. Rxb4 Rd1+ 50. Ke2 Rd2+ 51. Ke3 Nd5+ 52. Ke4 Nxb4 53. a4 Re2+ 54. Kf5 Kd7 55. f4 0-1

[Event "Padova op-B 2nd"]
[Site "Padova"]
[Date "1999.12.12"]
[Round "3.20"]
[White "Ballarin, Gabriele"]
[Black "Favero, Graziano"]
[Result "1/2-1/2"]
[WhiteElo "1621"]
[BlackElo "1696"]
[PlyCount "79"]
[EventDate "1999.12.11"]
[EventType "swiss"]
[EventRounds "6"]
[EventCountry "ITA"]
[SourceTitle "EXT 2024"]
[Source "ChessBase"]
[SourceDate "2023.10.10"]
[SourceVersion "1"]
[SourceVersionDate "2023.10.10"]
[SourceQuality "1"]

1. e4 d6 2. Nc3 Nf6 3. d3 g6 4. f4 Bg7 5. Nf3 c5 6. Be2 Nc6 7. 0-0 0-0 8. Qe1 Bg4 9. h3 Bxf3 10. gxf3 Nd4 11. Bd1 Nh5 12. Ne2 Qd7 13. Kh2 Nxe2 14. Bxe2 f5 15. c3 fxe4 16. fxe4 Nxf4 17. Bxf4 Rxf4 18. Rxf4 Be5 19. Bg4 Bxf4+ 20. Kg2 Qb5 21. Qe2 e5 22. Be6+ Kg7 23. a4 Qe8 24. Bd5 Qe7 25. Rf1 Qh4 26. Qg4 Qxg4+ 27. hxg4 Rb8 28. c4 b6 29. Rh1 Rf8 30. Rf1 Rf6 31. Bb7 g5 32. Bc8 Rh6 33. Rh1 Rxh1 34. Kxh1 Bc1 35. b3 Kf6 36. Kg2 Ke7 37. Bf5 h6 38. Bc8 Kd8 39. Ba6 Kc7 40. Kh3 1/2-1/2

[Event "Graticolato op-A U1900 7th"]
[Site "Santa Maria di Sala"]
[Date "1999.11.28"]
[Round "6.7"]
[White "Roberti, Ignazio"]
[Black "Favero, Graziano"]
[Result "1-0"]
[WhiteElo "1610"]
[BlackElo "1696"]
[PlyCount "81"]
[EventDate "1999.11.20"]
[EventType "swiss"]
[EventRounds "6"]
[EventCountry "ITA"]
[SourceTitle "EXT 2023"]
[Source "ChessBase"]
[SourceDate "2022.10.05"]
[SourceVersion "1"]
[SourceVersionDate "2022.10.05"]
[SourceQuality "1"]

1. e4 d6 2. d4 Nf6 3. Nc3 g6 4. Nf3 Bg7 5. Be2 c6 6. 0-0 0-0 7. Bf4 Nbd7 8. Re1 b5 9. a3 Bb7 10. Bd3 Qb6 11. Rb1 a6 12. Qd2 c5 13. d5 c4 14. Bf1 Ng4 15. h3 Nge5 16. Nxe5 Nxe5 17. Be3 Qc7 18. Bd4 e6 19. f4 Bh6 20. Be3 Nd7 21. g4 exd5 22. Nxd5 Bxd5 23. exd5 f5 24. g5 Bg7 25. Bd4 Rae8 26. Bxg7 Kxg7 27. Qd4+ Kg8 28. Bg2 Qc5 29. c3 Qxd4+ 30. cxd4 Kf7 31. Re6 Re7 32. Rxd6 Ra8 33. Re6 Rae8 34. Rbe1 Nf8 35. Rf6+ Kg7 36. Rxe7+ Rxe7 37. Kf2 Ra7 38. Rc6 Kf7 39. d6 Nd7 40. Bd5+ Ke8 41. Rc8# 1-0

[Event "Graticolato op-A U1900 7th"]
[Site "Santa Maria di Sala"]
[Date "1999.11.27"]
[Round "4.7"]
[White "Quaranta, Gaetano"]
[Black "Favero, Graziano"]
[Result "0-1"]
[WhiteElo "1552"]
[BlackElo "1696"]
[PlyCount "106"]
[EventDate "1999.11.20"]
[EventType "swiss"]
[EventRounds "6"]
[EventCountry "ITA"]
[SourceTitle "EXT 2023"]
[Source "ChessBase"]
[SourceDate "2022.10.05"]
[SourceVersion "1"]
[SourceVersionDate "2022.10.05"]
[SourceQuality "1"]

1. e4 d6 2. d4 Nf6 3. Nc3 g6 4. Nf3 Bg7 5. Bc4 0-0 6. 0-0 Nxe4 7. Nxe4 d5 8. Bd3 dxe4 9. Bxe4 c5 10. dxc5 Qc7 11. h3 Qxc5 12. Be3 Qc7 13. c3 Nc6 14. Qc1 e5 15. Bh6 Be6 16. Bxg7 Kxg7 17. Qg5 f6 18. Qg3 Rad8 19. a3 Bd5 20. Bxd5 Rxd5 21. Rad1 Rfd8 22. Rxd5 Rxd5 23. Re1 Qd6 24. Nh4 Ne7 25. Nf3 Qd7 26. Re2 Nc6 27. h4 h5 28. Kh2 Kf7 29. c4 Rd3 30. Qh3 Qxh3+ 31. Kxh3 Nd4 32. Rd2 e4 33. Rxd3 exd3 34. Nd2 Ke6 35. Kg3 Nf5+ 36. Kh3 Ke5 37. g3 Kd4 38. Kg2 Nd6 39. c5 Kxc5 40. Kf1 Nc4 41. Ne4+ Kd5 42. b3 Kxe4 43. bxc4 Kd4 44. c5 Kxc5 45. Ke1 Kd4 46. Kd2 b5 47. f3 a5 48. g4 b4 49. g5 f5 50. axb4 axb4 51. f4 b3 52. Kc1 Kc3 53. Kb1 d2 0-1

[Event "Graticolato op-A U1900 7th"]
[Site "Santa Maria di Sala"]
[Date "1999.11.21"]
[Round "2.7"]
[White "Alburno, Franco"]
[Black "Favero, Graziano"]
[Result "0-1"]
[WhiteElo "1438"]
[BlackElo "1696"]
[PlyCount "76"]
[EventDate "1999.11.20"]
[EventType "swiss"]
[EventRounds "6"]
[EventCountry "ITA"]
[SourceTitle "EXT 2023"]
[Source "ChessBase"]
[SourceDate "2022.10.05"]
[SourceVersion "1"]
[SourceVersionDate "2022.10.05"]
[SourceQuality "1"]

1. e4 d6 2. d4 Nf6 3. Nc3 g6 4. Be3 Bg7 5. Be2 c6 6. Qd2 Nbd7 7. Nf3 Qc7 8. h3 0-0 9. Bh6 b5 10. Bxg7 Kxg7 11. Bd3 b4 12. Ne2 c5 13. c3 Bb7 14. d5 c4 15. Bc2 b3 16. axb3 cxb3 17. Bb1 Nc5 18. Qd4 e5 19. Qe3 a5 20. Ng3 h6 21. Nd2 Ba6 22. c4 Rfb8 23. Qe2 Rb4 24. h4 h5 25. 0-0 Na4 26. f4 Nxb2 27. f5 Nxc4 28. Nxc4 Bxc4 29. Bd3 Bxd3 30. Qxd3 Ng4 31. Qf3 b2 32. Rab1 a4 33. Nxh5+ gxh5 34. f6+ Kh6 35. Qe2 Qc3 36. Kh1 Qg3 37. Qd2+ Kh7 38. Qh6+ Kxh6 0-1

[Event "Graticolato op-A U1900 7th"]
[Site "Santa Maria di Sala"]
[Date "1999.11.21"]
[Round "3.5"]
[White "Favero, Graziano"]
[Black "Navarro, Stefano"]
[Result "0-1"]
[WhiteElo "1696"]
[BlackElo "1597"]
[PlyCount "93"]
[EventDate "1999.11.20"]
[EventType "swiss"]
[EventRounds "6"]
[EventCountry "ITA"]
[SourceTitle "EXT 2023"]
[Source "ChessBase"]
[SourceDate "2022.10.05"]
[SourceVersion "1"]
[SourceVersionDate "2022.10.05"]
[SourceQuality "1"]

1. e4 e5 2. Nf3 d6 3. Bc4 Be7 4. Nc3 Nf6 5. d3 Nc6 6. h3 0-0 7. a3 a6 8. Be3 b5 9. Ba2 Rb8 10. b4 a5 11. Nd5 axb4 12. Nxb4 Nxb4 13. axb4 Bb7 14. c3 Ra8 15. Qb3 h6 16. Nh4 Kh7 17. Nf5 Bc8 18. g4 Be6 19. Qb2 Rxa2 20. Rxa2 Bxa2 21. Qxa2 Qa8 22. Qb2 Ng8 23. Ke2 g6 24. Ra1 Qc6 25. Ng3 Ra8 26. Ra5 Rc8 27. Qa1 Bf6 28. Ra6 Qe8 29. Qa5 Kg7 30. Ra7 Qc6 31. Kd2 Bg5 32. Nf1 Bf4 33. Ra6 Qd7 34. c4 bxc4 35. dxc4 h5 36. f3 hxg4 37. hxg4 Qd8 38. Bxf4 exf4 39. Qa1+ Qf6 40. Qxf6+ Nxf6 41. Kd3 Nd7 42. Kd4 Ne5 43. Nd2 Rb8 44. b5 Rb7 45. Kc3 Kf8 46. Kb4 Ke7 47. Ka5 0-1

[Event "Padova op-A 1st"]
[Site "Padova"]
[Date "1998.12.13"]
[Round "2.10"]
[White "Guclu, Yaman"]
[Black "Favero, Graziano"]
[Result "1-0"]
[WhiteElo "1600"]
[BlackElo "1705"]
[PlyCount "51"]
[EventDate "1998.12.12"]
[EventType "swiss"]
[EventRounds "6"]
[EventCountry "ITA"]
[SourceTitle "EXT 2023"]
[Source "ChessBase"]
[SourceDate "2022.10.05"]
[SourceVersion "1"]
[SourceVersionDate "2022.10.05"]
[SourceQuality "1"]

1. e4 d6 2. d4 Nf6 3. Bd3 g6 4. Bg5 Bg7 5. Nf3 Nc6 6. c3 0-0 7. Nbd2 h6 8. Bh4 e5 9. 0-0 g5 10. Bg3 g4 11. d5 gxf3 12. dxc6 fxg2 13. Kxg2 bxc6 14. f4 Ng4 15. Qe2 exf4 16. Rxf4 Ne5 17. Raf1 Nxd3 18. Qxd3 Be6 19. Bh4 Qd7 20. Bf6 d5 21. Qg3 Bh3+ 22. Kg1 Bg4 23. Rxg4 Qd6 24. Rxg7+ Kh8 25. Rg8+ Kh7 26. Qg7# 1-0